Champions League Brazilian Best Scorer by Year - Statistics

General Stats
  • This quiz has been taken 1,112 times
    308 since last reset
  • The average score is 16 of 28
Answer Stats
Scorer % Correct
Neymar
98%
Vinicius Júnior
98%
Raphinha
97%
Roberto Firmino
95%
Rodrygo
92%
Ronaldo
91%
Gabriel Jesus
85%
Ronaldinho
85%
Kaká
82%
Rivaldo
82%
Lucas Moura
79%
Hulk
77%
Willian
70%
Oscar
69%
Romário
67%
Luiz Adriano
65%
Adriano
63%
Juninho
57%
Giovane Élber
36%
Grafite
33%
Mário Jardel
31%
Jonas
13%
Emerson
6%
Deivid
5%
Jádson
4%
Artur Oliveira
3%
Sonny Anderson
3%
Gustavo Manduca
1%
No matching quizzes found
Score Distribution
Percent of People with Each Score
Percentile by Number Answered
Your Score History
You have not taken this quiz since the last reset